| 000 | 01217cam a22002175a 4500 | ||
|---|---|---|---|
| 008 | 231114s2018 xxk f 000 0 eng d | ||
| 041 | 0 | _aeng | |
| 110 | 2 |
_aRoyal Institution of Chartered Surveyors _94900 |
|
| 245 | 0 | 0 |
_aAdvancing responsible business practices in land, construction and real estate use and investment _b- making the sustainable development goals a reality |
| 260 |
_aLondon _bRICS _c2015 |
||
| 300 | _a118p. | ||
| 520 | _aSince the original 2015 edition, the issues identified in this report and the result of a two year project jointly undertaken by the RICS and UN Global Compact. Gives examples for cross-impact between individual issue areas and includes case studies. Chapters: Introduction; The land, construction and real estate life cycle; the development phase; the real estate use phase; the recovery phase; key building blocks; self-assessment checklist; UN resources and tools list | ||
| 650 | 2 | 4 | _aRESPONSIBLE BUSINESS |
| 650 | 2 | 4 | _aSOCIAL IMPACT |
| 650 | 2 | 4 | _aENVIRONMENTAL IMPACT |
| 651 | 4 | _aInternational | |
| 690 |
_aBusiness and management _96226 |
||
| 710 | 1 | _aUnited Nations Global Impact | |
| 710 |
_aRoyal Institution of Chartered Surveyors _94900 |
||
| 942 |
_n0 _2ddc |
||
| 999 |
_c121717 _d121717 |
||